| 000 | 00758cam a22002055a 4500 | ||
|---|---|---|---|
| 001 | L156234 | ||
| 008 | 120509s1828 xxk f 000 0 eng d | ||
| 035 | _a(Sirsi) u156234 | ||
| 041 | 0 | _aeng | |
| 110 | 2 |
_aGreat Britain _bParliament _bHouse of Commons _bSelect Committee on the Office of Works and Public Buildings _96060 |
|
| 245 | 0 | 0 | _aReport from the Select Committee on the Office of Works and Public Buildings |
| 260 |
_a[London] _b[s.n.] _c1828 |
||
| 300 |
_a165p. _c35 cm. |
||
| 490 | 0 |
_aHouse of Commons Paper _v(446) |
|
| 520 | _aOrdered, by the House of Commons, to be printed, 19 June 1828. | ||
| 583 | 0 |
_aCondition reviewed _c20120620 _lcondition level 2 |
|
| 651 | 4 |
_aGreat Britain _y1707- |
|
| 690 |
_aCommercial property _96227 |
||
| 942 | _n0 | ||
| 999 |
_c114119 _d114119 |
||